<?xml version="1.0" encoding="UTF-8"?>
<record
    xmlns:xsi="http://www.w3.org/2001/XMLSchema-instance"
    xsi:schemaLocation="http://www.loc.gov/MARC21/slim http://www.loc.gov/standards/marcxml/schema/MARC21slim.xsd"
    xmlns="http://www.loc.gov/MARC21/slim">

  <leader>02050nas a2200277Ia 4500</leader>
  <controlfield tag="001">R053-S7663</controlfield>
  <controlfield tag="003">IT-CnALBA</controlfield>
  <controlfield tag="008">170116c99999999xx ||||||||||||   ||und||</controlfield>
  <datafield tag="040" ind1=" " ind2=" ">
    <subfield code="a">IT-CnALBA</subfield>
    <subfield code="c">IT-CnALBA</subfield>
  </datafield>
  <datafield tag="041" ind1=" " ind2=" ">
    <subfield code="a">ITALIANO</subfield>
  </datafield>
  <datafield tag="100" ind1=" " ind2=" ">
    <subfield code="a">GRAZZINI GIUSEPPE</subfield>
  </datafield>
  <datafield tag="210" ind1=" " ind2=" ">
    <subfield code="a">BELL'ITALIA</subfield>
  </datafield>
  <datafield tag="222" ind1=" " ind2=" ">
    <subfield code="a">BELL'ITALIA</subfield>
  </datafield>
  <datafield tag="245" ind1=" " ind2="0">
    <subfield code="a">BELL'ITALIA. N.10.(79). NOVEMBRE 1992. SPECIALE CALABRIA. </subfield>
  </datafield>
  <datafield tag="250" ind1=" " ind2=" ">
    <subfield code="a">1a ed.</subfield>
  </datafield>
  <datafield tag="260" ind1=" " ind2=" ">
    <subfield code="a">MILANO</subfield>
    <subfield code="b">MONDADORI GIORGIO EDIT. </subfield>
    <subfield code="c">1992 [1&#xB0; Ed.:1992 - Ed.Ling.Originale: 1992]</subfield>
  </datafield>
  <datafield tag="300" ind1=" " ind2=" ">
    <subfield code="a">130 p. </subfield>
  </datafield>
  <datafield tag="310" ind1=" " ind2=" ">
    <subfield code="a">MENSILE</subfield>
  </datafield>
  <datafield tag="362" ind1=" " ind2=" ">
    <subfield code="a">Fascicolo: 79 / Anno: 7 (1992)</subfield>
  </datafield>
  <datafield tag="500" ind1=" " ind2=" ">
    <subfield code="a">NELLA LETTERATURA. OSPITALITA'. VACANZE E AFFARI. LE GHIOTTONERIE. IL CENTRO DI COSENZA. PARCHI: RAGANELLO DEL POLLINO, FEDE E TRADIZIONE. PALUMBO SILA: VILLAGGIO, MUSEI, MERAVIGLIE. ARTIGIANATO FERRO CERAMICHE. LEGNO TESSUTI VIMINI. GASTRONOMIA. LA CARNE, SIGNORE DI LOCRI E GERACE. DAL SUD IN EUROPA. DA PALINURO A CAPO SPUNICO. LOCRIDE, STATUETTE. ARCHITETTURE, PORTALI DELLE CHIESE. VESTITI ANTICHI E MODERNI. PAESAGGI E BORGHI. MONTI SILA. ARTISTI. SANTI DI TAVERNA. MATTIA PRETI. IL CODICE PURPUREO. ARTE E MINIATURA. CHIERICI I. DRESCIG M. FABIANI E. GIUNTINI R. MAGNI E. MORGAN K. ORSINI N. SGARBI V. </subfield>
  </datafield>
  <datafield tag="501" ind1=" " ind2=" ">
    <subfield code="a">Societ&#xE0; San Paolo EM - Piazza San Paolo, 14 - 12051 ALBA (CN)  (non commercial uses only) &#xAE; Copyright 2017</subfield>
  </datafield>
  <datafield tag="520" ind1=" " ind2=" ">
    <subfield code="a">NELLA LETTERATURA. OSPITALITA'. VACANZE E AFFARI. LE GHIOTTONERIE. IL CENTRO DI COSENZA. PARCHI: RAGANELLO DEL POLLINO, FEDE E TRADIZIONE. PALUMBO SILA: VILLAGGIO, MUSEI, MERAVIGLIE. ARTIGIANATO FERRO CERAMICHE. LEGNO TESSUTI VIMINI. GASTRONOMIA. LA CARNE, SIGNORE DI LOCRI E GERACE. DAL SUD IN EUROPA. DA PALINURO A CAPO SPUNICO. LOCRIDE, STATUETTE. ARCHITETTURE, PORTALI DELLE CHIESE. VESTITI ANTICHI E MODERNI. PAESAGGI E BORGHI. MONTI SILA. ARTISTI. SANTI DI TAVERNA. MATTIA PRETI. IL CODICE PURPUREO. ARTE E MINIATURA. CHIERICI I. DRESCIG M. FABIANI E. GIUNTINI R. MAGNI E. MORGAN K. ORSINI N. SGARBI V. </subfield>
  </datafield>
  <datafield tag="650" ind1=" " ind2=" ">
    <subfield code="a">SCIENZE UMANE E RELIGIOSE</subfield>
  </datafield>
  <datafield tag="942" ind1=" " ind2=" ">
    <subfield code="c">CR</subfield>
  </datafield>
  <datafield tag="957" ind1=" " ind2=" ">
    <subfield code="7">1</subfield>
  </datafield>
  <datafield tag="999" ind1=" " ind2=" ">
    <subfield code="a">77224</subfield>
    <subfield code="b">NO</subfield>
    <subfield code="g">1</subfield>
    <subfield code="c">335210</subfield>
    <subfield code="d">335210</subfield>
  </datafield>
  <datafield tag="952" ind1=" " ind2=" ">
    <subfield code="0">0</subfield>
    <subfield code="1">0</subfield>
    <subfield code="4">0</subfield>
    <subfield code="6">R_053S7663</subfield>
    <subfield code="7">1</subfield>
    <subfield code="a">ALBA</subfield>
    <subfield code="b">ALBA</subfield>
    <subfield code="d">2017-01-16</subfield>
    <subfield code="l">0</subfield>
    <subfield code="o">R053-S7663</subfield>
    <subfield code="r">2017-01-16 00:00:00</subfield>
    <subfield code="w">2017-01-16</subfield>
    <subfield code="y">CR</subfield>
    <subfield code="z">(data import: 16 gennaio 2017) - By Epidotti, Vaglietti. </subfield>
  </datafield>
</record>
